000
00311nam a2200097 a 4500
005
20201002052526.0
008
150601s2004 000 spa d
245
0
_a
Principios de epidemiología para el control de enfermedades.
260
_a
s. n. : Organización Panamericana de la Salud,
_c
s. f.
999
_c
45412
_d
45412
040
_a
DO-SdBNP